Les Empereurs de la Dynastie Ming - Statistiques

Statistiques générales
  • Ce quiz a été pris 2 fois
  • Le résultat moyen est 3 sur 17
Statistiques - réponses
Dates de Règne Empereur % Correct
1402 - 1424 Yongle
100%
1368 - 1398 Hongwu
50%
1424 - 1425 Hongxi
50%
1572 - 1620 Wanli
50%
1425 - 1435 Xuande
50%
1464 - 1487 Chenghua
0%
1627 - 1644 Chongzhen
0%
1487 - 1505 Hongzhi
0%
1521 - 1567 Jiajing
0%
1398 - 1402 Jianwen
0%
1449 - 1457 Jingtai
0%
1567 - 1572 Longqing
0%
1620 Taichang
0%
1620 - 1627 Tianqi
0%
1457 - 1464 Tianshun
0%
1505 - 1521 Zhengde
0%
1435 - 1449 Zhengtong
0%
Aucun quiz correspondant
Distribution des résultats
% des personnes avec chaque résultat
Percentile par nombre de réponses
Votre historique - résultats
Vous n’avez pas pris ce quiz